|
|
|
|
| LEADER |
00000cam a2200000 c 4500 |
| 001 |
161852870X |
| 003 |
DE-627 |
| 005 |
20251225201204.0 |
| 007 |
tu |
| 008 |
010716s2001 fr ||||| 00| ||fre c |
| 010 |
|
|
|a 00138146
|
| 020 |
|
|
|a 2747503135
|9 2-7475-0313-5
|
| 035 |
|
|
|a (DE-627)161852870X
|
| 035 |
|
|
|a (DE-576)093119879
|
| 035 |
|
|
|a (DE-599)BSZ093119879
|
| 035 |
|
|
|a (OCoLC)845466776
|
| 035 |
|
|
|a (OCoLC)260074747
|
| 040 |
|
|
|a DE-627
|b ger
|c DE-627
|e rakwb
|
| 041 |
|
|
|a fre
|
| 044 |
|
|
|c XA-FR
|c XD-CA
|c XA-HU
|c XA-IT
|
| 050 |
|
0 |
|a PQ2613.E53
|
| 082 |
0 |
|
|a 842.912
|
| 084 |
|
|
|a 18.23
|2 bkl
|
| 084 |
|
|
|a 17.93
|2 bkl
|
| 100 |
1 |
|
|a Ekotto, Frieda
|4 aut
|
| 245 |
1 |
0 |
|a L'écriture carcérale et le discours juridique chez Jean Genet
|c Frieda Ekotto
|
| 264 |
|
1 |
|a Paris [u.a.]
|b L' Harmattan
|c 2001
|
| 300 |
|
|
|a 197 S.
|
| 336 |
|
|
|a Text
|b txt
|2 rdacontent
|
| 337 |
|
|
|a ohne Hilfsmittel zu benutzen
|b n
|2 rdamedia
|
| 338 |
|
|
|a Band
|b nc
|2 rdacarrier
|
| 490 |
0 |
|
|a Collection critiques littéraires
|
| 500 |
|
|
|a Includes bibliographical references (p. 193-196)
|
| 583 |
1 |
|
|a Archivierung prüfen
|c 20200919
|f DE-640
|z 1
|2 pdager
|
| 650 |
|
0 |
|a Prisons in literature
|
| 653 |
|
0 |
|a Genet, Jean
|a Criticism and interpretation
|
| 689 |
0 |
0 |
|d p
|0 (DE-588)118538411
|0 (DE-627)13785644X
|0 (DE-576)161086292
|a Genet, Jean
|d 1910-1986
|2 gnd
|
| 689 |
0 |
1 |
|d s
|0 (DE-588)4113679-2
|0 (DE-627)105827657
|0 (DE-576)209478438
|a Gefängnis
|g Motiv
|2 gnd
|
| 689 |
0 |
2 |
|d s
|0 (DE-588)4121561-8
|0 (DE-627)10576874X
|0 (DE-576)209544236
|a Recht
|g Motiv
|2 gnd
|
| 689 |
0 |
|
|5 (DE-627)
|
| 856 |
4 |
2 |
|u http://www.gbv.de/dms/hbz/toc/ht013575685.pdf
|m V:DE-605
|q pdf/application
|v 2008-11-15
|x Verlag
|y Inhaltsverzeichnis
|3 Inhaltsverzeichnis
|7 1
|
| 889 |
|
|
|w (DE-627)33776087X
|
| 935 |
|
|
|i mdedup
|
| 936 |
b |
k |
|a 18.23
|j Französische Literatur
|0 (DE-627)106405411
|
| 936 |
b |
k |
|a 17.93
|j Literarische Stoffe
|j literarische Motive
|j literarische Themen
|0 (DE-627)106404490
|
| 951 |
|
|
|a BO
|
| ELC |
|
|
|b 1
|
| LOK |
|
|
|0 000 xxxxxcx a22 zn 4500
|
| LOK |
|
|
|0 001 3217143299
|
| LOK |
|
|
|0 003 DE-627
|
| LOK |
|
|
|0 004 161852870X
|
| LOK |
|
|
|0 005 20010716000000
|
| LOK |
|
|
|0 008 010716||||||||||||||||ger|||||||
|
| LOK |
|
|
|0 040
|a DE-21
|c DE-627
|d DE-21
|
| LOK |
|
|
|0 852
|a DE-21
|
| LOK |
|
|
|0 852 1
|c KB 8 E 9195
|9 00
|
| LOK |
|
|
|0 935
|a krim
|
| LOK |
|
|
|0 936ln
|a k12.9
|
| LOK |
|
|
|0 939
|a 16-07-01
|b l01
|
| ORI |
|
|
|a SA-MARC-krimdoka001.raw
|
| SIG |
|
|
|a UB: KB 8 E 9195
|